[Event "ICS rated blitz match"]
[Site "204.178.125.65"]
[Date "1999.10.01"]
[Round "?"]
[White "Hossa"]
[Black "Zippy"]
[Result "0-1"]
[WhiteElo "2350"]
[BlackElo "2244"]
[Annotator "Fritz 5.32 (20s)"]
[PlyCount "192"]
[EventDate "1999.??.??"]

1. d4 Nf6 2. g3 e6 3. Bg2 d5 4. Nf3 Be7 5. O-O 5... Nc6 $146 (5... Nbd7 6. c4 (
6. b3 b5 7. c4 bxc4 8. bxc4 c6 9. Nbd2 Qa5 10. Qc2 Ba6 11. Bb2 O-O 12. Rfc1
Rac8 13. e4 Nb6 14. exd5 exd5 15. c5 Nc4 16. Bc3 Qc7 17. Nxc4 Bxc4 18. Ne5 Bb5
19. Re1 Rfe8 20. Bh3 20... Ra8 {Nielsen,A-From,S/Copenhagen 1962/MCD/ - (78)})
(6. Nbd2 b6 7. c4 c6 8. Ne5 Bb7 9. Ndf3 O-O 10. cxd5 cxd5 11. Bf4 Ne4 12. Rc1
Bd6 13. Qa4 Nxe5 14. Bxe5 Qe8 15. Qxe8 Rfxe8 16. Bxd6 Nxd6 17. Rc2 Rac8 18.
Rfc1 Rxc2 19. Rxc2 Rc8 20. Rxc8+ 20... Bxc8 {
Bilek,I-Matanovic,A/Kecskemet 1964/EXT 98/ - (30)}) 6... b6 7. Nc3 Bb7 8. Ne5
c6 9. Qa4 Nxe5 10. dxe5 Nd7 11. cxd5 exd5 12. Qg4 g6 13. f4 h5 14. Qf3 Qc7 15.
Rd1 g5 16. Be3 gxf4 17. gxf4 Nc5 18. Rac1 Qd7 19. f5 Bc8 20. b4 Na6 21. b5 cxb5
22. Nxd5 Qxf5 23. Rxc8+ Qxc8 24. Nxe7 Qb8 25. Qc6+ Kxe7 26. Qf6+ {
1-0 Gasimov,R-Bakhrakh,V/St.Petersburg 1994/CBM 41 (26)}) (5... b5 6. a4 (6.
Bg5 Nbd7 7. Nbd2 O-O 8. c3 a5 9. Re1 {
- Hoelzl,F-Bischoff,K/AUT-chT9495 1995/CBM 45 ext (9)}) 6... b4 7. Nbd2 O-O 8.
Ne5 c5 9. dxc5 Bxc5 10. e4 Ba6 11. Re1 Qb6 12. Qf3 Nc6 13. Nxc6 Qxc6 14. exd5
Nxd5 15. c4 bxc3 16. bxc3 Qc7 17. c4 Nb4 18. Bb2 Rad8 19. Ne4 Bd4 20. Bxd4 {
Ribli,Z-Luther,T/Tilburg 1994/CBM 44/[Ftacnik]/0-1 (41)}) 6. Nbd2 Bd7 7. c4 O-O
8. e3 b6 9. Ne5 a5 10. Nxd7 (10. f4 10... a4 $11) 10... Qxd7 11. cxd5 exd5 12.
b3 Rae8 13. a3 {Ueberdeckt b4} 13... Nd8 14. Nf3 Bd6 15. Rb1 c6 16. Qd3 Ne6 17.
Qa6 Ra8 18. Qe2 (18. Qxb6 $4 {den sollte Weiss lieber stehen lassen} 18... Rfb8
19. Qxb8+ 19... Rxb8 $19) 18... Rfe8 19. Qd3 Qe7 20. a4 g6 21. Bb2 Ne4 22. Rbc1
Qb7 23. Rfd1 23... f6 {Sichert e5+g5} 24. Nh4 f5 25. Nf3 Rac8 26. Ne5 $15 {
Der Springer ist hier stark postiert} (26. Rc2 26... Re7 $11) 26... Bxe5 27.
dxe5 Qe7 28. Ba1 Qa3 29. Qc2 N4c5 30. Rb1 Qb4 31. f3 {Kontrolliert e4} 31...
Rc7 32. Bd4 32... Rce7 $16 (32... h6 $5 $11 $142 {ist eine gute Alternative})
33. f4 $11 (33. Qc1 $5 $142 33... Nxd4 34. exd4 $16) 33... Kh8 $16 (33... Rc7
$5 $11 $142 {damit waere Schwarz im Spiel geblieben}) 34. Ba1 $11 (34. Qc1 $5
$142 34... Ra7 35. Bc3 Nxb3 36. Bxb4 Nxc1 37. Rdxc1 axb4 38. Rxc6 $18 (38. Rxb4
$143 38... Nd8 $16)) 34... Kg8 $16 (34... Rc7 $5 $11 $142 {
damit waere Schwarz im Spiel geblieben}) 35. Re1 $11 (35. Qc1 Ra7 36. Bc3 Nxb3
37. Bxb4 Nxc1 38. Rdxc1 (38. Rbxc1 axb4 39. Rxc6 39... Nc5 $18) 38... axb4 39.
Rxc6 $18 (39. Rxb4 $143 39... Nd8 $16)) 35... Qa3 36. Kh1 Kh8 37. Re2 Kg7 (
37... Rc7 38. Qb2 Qb4 39. Qd2 $11) 38. Qc3 (38. Bb2 38... Qa2 $11) 38... Rc8
39. Rd2 h5 40. Rdd1 Rcc7 41. Qc2 Rc8 42. Bc3 Rce8 43. Bd2 Rf7 44. Re1 Rd7 (
44... Rc7 45. Rec1 $11) 45. Bc1 (45. Rec1 45... Ra7 $11) 45... Qb4 {Droht Matt}
46. Rf1 46... Rde7 $14 (46... Rc7 47. Bd2 Qa3 48. b4 axb4 49. Rxb4 $11) 47. Bd2
Qa3 48. Rfc1 (48. b4 Qxa4 49. Qxa4 49... Nxa4 $11) 48... Rc7 $14 (48... Ra7 49.
Rb2 Nd8 50. Rcb1 $14) 49. Bc3 Kh7 50. Re1 Rf7 51. Rb2 51... Rfe7 $4 $18 {
danach wendet sich das Blatt} (51... Na6 $11 $142 {ist noch spielbar}) 52. Rg1
$11 (52. b4 $142 {Weiss haette nun das bessere Spiel} 52... Qxa4 53. bxc5 Nxc5
54. Reb1 Qxc2 55. Rxc2 $18) 52... Kg7 $2 $16 (52... Na6 $5 $11 $142 {
und Schwarz spielt mit}) 53. Rd1 $14 (53. b4 $5 $142 53... Na6 54. bxa5 bxa5
55. Rb6 $18) 53... Rd8 $2 $18 (53... Na6 $14 $142 {sieht noch spielbar aus})
54. Bd4 $11 (54. b4 $142 54... Na6 55. Rdb1 axb4 56. Rxb4 $18) 54... Rf8 $16 (
54... Qb4 $5 $11 $142 {und Schwarz kann noch kaempfen}) 55. Rbb1 $11 (55. Rdb1
$5 $142 55... Nxd4 56. exd4 $18) 55... Rfe8 (55... Nxd4 $2 {
wird widerlegt durch} 56. exd4 (56. Rxd4 $6 56... Re6 $11) 56... Ne4 57. Bxe4
dxe4 58. Qxc6 $18) 56. Re1 Qb4 57. Ba1 Kh7 58. Re2 Qa3 59. Qd1 Kg7 60. Kg1 Rf8
61. Qc2 Kh7 62. Qc3 Rc8 63. Bh1 Rd8 64. Ree1 Rb8 65. Bg2 Rc8 66. Qc2 Rce8 67.
Bc3 Kg7 68. Bd2 Rd8 69. Bc1 Qb4 70. Rd1 70... Rde8 $14 (70... Rb8 71. Qb2 Ne4
72. Bd2 Nxd2 73. Rxd2 $11) 71. Bd2 Qa3 72. Bc3 $11 (72. b4 axb4 73. Rxb4 73...
Rb7 $14) 72... Kh7 73. Rd2 Nd7 74. Ra1 Qc5 75. Qd3 Rf7 76. Bb2 $11 (76. Rb2
76... Ra8 $14) 76... Qe7 77. Re1 (77. Qc2 Qc5 78. Rc1 Qxc2 79. Rdxc2 79... Nec5
$11) 77... Ndc5 (77... Qb4 78. Bd4 $15) 78. Qc3 Qd8 79. Kh1 Qc8 80. Rc2 (80.
Rc1 80... Rc7 $11) 80... Rc7 (80... Ne4 81. Bxe4 (81. Qxc6 $2 {
ist ein Schlag ins Wasser} 81... Rc7 82. Qxc7+ Nxc7 83. Bxe4 83... fxe4 $19 (
83... dxe4 $6 84. Rec1 Re7 85. Ba3 $15)) 81... fxe4 82. b4 axb4 83. Qxb4 $11 (
83. Qxc6 {ein in allen Varianten unverwundbarer Bauer} 83... Rc7 84. Qxc7+
84... Nxc7 $19)) 81. Ree2 Qa6 82. Kg1 $15 (82. Ba3 Ne4 83. Bxe4 83... fxe4 $11)
82... b5 {Schwarz haelt das Heft fest in der Hand} 83. Ba3 $2 $19 (83. axb5
$142 {und Weiss spielt mit} 83... Qxb5 84. Ba3 Nxb3 85. Re1 $15) 83... b4 84.
Bxb4 axb4 85. Qd2 Nxb3 86. Qxb4 Rb7 87. Qd6 (87. Qa3 $19) 87... Nbc5 {Droht Rd8
} (87... Qxa4 88. Qxc6 Qxc6 89. Rxc6 $17) 88. Bf1 (88. Bxd5 {
aendert nichts am Ausgang der Partie} 88... Rd8 89. Qxc6 Rb6 90. Qxb6 90...
Qxb6 $19) 88... Rd7 89. Red2 89... Qa8 $1 {ganz unerschrocken} 90. Qxc5 Nxc5
91. Rxc5 Qxa4 92. Kf2 Rb7 93. Rd4 (93. Rdc2 {ist der letzte Rettungsanker}
93... Re6 94. Bg2 $19) 93... Rb2+ 94. Be2 94... Qa6 {Droht Matt} 95. g4 {
Wenn Weiss nun zu Rcc4 kommt, geht es ihm besser} 95... Qxe2+ 96. Kg3 (96. Kg1
{aendert nichts mehr} 96... Qg2#) 96... Qxg4# 0-1

[Event "ICS rated blitz match"]
[Site "204.178.125.65"]
[Date "1999.09.10"]
[Round "?"]
[White "Hossa"]
[Black "Zippy"]
[Result "1/2-1/2"]
[WhiteElo "2456"]
[BlackElo "2246"]
[PlyCount "135"]
[EventDate "1999.??.??"]

1. e4 c5 2. Nf3 Nc6 3. Bb5 g6 4. d3 a6 5. Bxc6 dxc6 6. Nc3 Bg7 7. O-O b6 8. Nd2
Nf6 9. Nb3 O-O 10. f3 Qc7 11. Bg5 Nh5 12. Qd2 Be5 13. f4 Bg7 14. Rad1 Bg4 15.
Rde1 Rad8 16. h3 Be6 17. f5 Bxb3 18. axb3 Bd4+ 19. Be3 Ng3 20. Rf3 e6 21. Qf2
Nh5 22. Bxd4 cxd4 23. fxg6 fxg6 24. Rxf8+ Rxf8 25. Qxd4 c5 26. Qe3 Qe5 27. Na4
Qc7 28. b4 cxb4 29. Qxb6 Qxc2 30. Qxe6+ Kg7 31. Qe7+ Rf7 32. Qxb4 Qf2+ 33. Kh1
Ng3+ 34. Kh2 Nf1+ 35. Rxf1 Qxf1 36. Qc3+ Kh6 37. Qd2+ Kg7 38. Kg3 h6 39. Nc5
Kh7 40. b4 Qf6 41. d4 Qf1 42. Nd3 g5 43. d5 Qg1 44. e5 Qd4 45. d6 Kg7 46. Qe2
Kf8 47. Kh2 Rf5 48. g4 Rf7 49. Qc2 Rf1 50. Qc8+ Kg7 51. Qb7+ Kg6 52. Qg2 Qxd3
53. Qa2 Kg7 54. d7 Qxd7 55. Qe2 Rd1 56. Qe3 Rd2+ 57. Kg1 Ra2 58. Qf2 Rxf2 59.
Kxf2 Qd4+ 60. Kg2 Qxe5 61. Kf3 Kf6 62. Kg2 Qf4 63. Kg1 Qg3+ 64. Kf1 Qxh3+ 65.
Ke2 Qxg4+ 66. Kd3 Qxb4 67. Ke3 Qf4+ 68. Ke2 {
Zippy ran out of time and Hossa has no material to mate} 1/2-1/2

[Event "ICS rated blitz match"]
[Site "204.178.125.65"]
[Date "1999.10.04"]
[Round "?"]
[White "Hossa"]
[Black "Zippy"]
[Result "1-0"]
[WhiteElo "2341"]
[BlackElo "2323"]
[PlyCount "143"]
[EventDate "1999.??.??"]

1. e4 c5 2. Nf3 d6 3. d4 cxd4 4. Nxd4 Nf6 5. Nc3 a6 6. Be2 e5 7. Nf3 h6 8. O-O
Be6 9. Nd2 Nc6 10. f4 exf4 11. Rxf4 d5 12. exd5 Nxd5 13. Nxd5 Qxd5 14. Kh1
O-O-O 15. Bf3 Qc5 16. Bg4 Rd7 17. Re4 Bxg4 18. Rxg4 f5 19. Rg3 Kb8 20. Rc3 Qe5
21. Rd3 Rxd3 22. cxd3 Bd6 23. Nf3 Qd5 24. Be3 g5 25. Rc1 Qxa2 26. Rc2 Qd5 27.
Re2 f4 28. Bg1 g4 29. Ne1 h5 30. Re4 Rc8 31. Qd2 Ka8 32. Qc3 Qf5 33. Qc4 Be5
34. Qc5 h4 35. b4 Qf6 36. b5 Bd6 37. Qh5 Ne7 38. bxa6 Bc5 39. axb7+ Kxb7 40.
Bxc5 Nf5 41. Rb4+ Kc7 42. Qxg4 Qe6 43. Qxf4+ Kd7 44. Bf2 h3 45. gxh3 Nd6 46.
Rd4 Rc6 47. Bg3 Ra6 48. Nc2 Rb6 49. Nb4 Qg6 50. Qe5 Qf7 51. Rxd6+ Rxd6 52.
Qxd6+ Ke8 53. Qb8+ Ke7 54. Qb7+ Ke6 55. Qxf7+ Kxf7 56. Kg2 Ke6 57. Kf3 Kf5 58.
Ke3 Kg6 59. Ke4 Kg5 60. Be5 Kh4 61. Bf6+ Kh5 62. Kf5 Kh6 63. Nd5 Kh7 64. Kg5
Kg8 65. Kg6 Kf8 66. Nc7 Kg8 67. Be7 Kh8 68. Ne8 Kg8 69. Nf6+ Kh8 70. Ng4 Kg8
71. Nh6+ Kh8 72. Bf6# {Zippy checkmated} 1-0

[Event "ICS rated blitz match"]
[Site "204.178.125.65"]
[Date "1999.09.27"]
[Round "?"]
[White "Hossa"]
[Black "Zippy"]
[Result "1-0"]
[WhiteElo "2442"]
[BlackElo "2243"]
[PlyCount "125"]
[EventDate "1999.??.??"]

1. e4 c5 2. Nf3 d6 3. d4 cxd4 4. Nxd4 Nf6 5. Nc3 g6 6. Bc4 Qb6 7. Bb5+ Bd7 8.
Be3 Qa5 9. Nb3 Qd8 10. O-O a6 11. Bxd7+ Nbxd7 12. Bg5 Bg7 13. Qd2 h6 14. Be3
Ng4 15. Bd4 e5 16. Be3 Rc8 17. Qxd6 Bf8 18. Qd3 Qh4 19. h3 Nxe3 20. fxe3 Rh7
21. Nd5 Qg5 22. Na5 b6 23. Nc4 Rc6 24. Rad1 Bc5 25. Nb4 Rc7 26. Nxa6 Ra7 27.
Nxc5 Nxc5 28. Qd6 Nd7 29. Qc6 Ke7 30. Rd6 b5 31. Qxb5 Rc7 32. Rd3 Ke8 33. Qb4
Qe7 34. Nd6+ Kf8 35. Qa5 Rxc2 36. Qa8+ Kg7 37. Rxf7+ Qxf7 38. Nxf7 Rc7 39. Qd8
Rc1+ 40. Kh2 Nf8 41. Nxe5 Rf1 42. b4 Rf2 43. a4 g5 44. Rc3 Kg8 45. Ng4 Rff7 46.
Rc6 h5 47. Nh6+ Rxh6 48. Rxh6 Rf1 49. Qxg5+ Kf7 50. Qxh5+ Ke7 51. Qc5+ Kd8 52.
Rd6+ Nd7 53. Rxd7+ Kxd7 54. Qb5+ Kd6 55. Qxf1 Kc6 56. Qb5+ Kd6 57. Qb7 Ke6 58.
Qd5+ Ke7 59. e5 Ke8 60. Qb7 Kd8 61. a5 Ke8 62. e6 Kd8 63. Qd7# {
Zippy checkmated} 1-0

[Event "ICS rated blitz match"]
[Site "204.178.125.65"]
[Date "1999.09.24"]
[Round "?"]
[White "Hossa"]
[Black "Zippy"]
[Result "0-1"]
[WhiteElo "2411"]
[BlackElo "2397"]
[PlyCount "120"]
[EventDate "1999.??.??"]

1. e4 c5 2. Nf3 d6 3. d4 cxd4 4. Nxd4 Nf6 5. Nc3 a6 6. Bg5 Nbd7 7. Be2 Qb6 8.
Rb1 Qa5 9. Bxf6 Nxf6 10. O-O Bd7 11. Qd3 e5 12. Nb3 Qb6 13. Rfd1 Rc8 14. Nd2
Qd4 15. Nc4 Qxd3 16. Bxd3 Be6 17. Na5 Rc7 18. Rd2 g6 19. Rdd1 Bh6 20. Be2 b6
21. Nb3 Rxc3 22. bxc3 Nxe4 23. Rd3 Bc4 24. Rh3 Bxe2 25. Re1 Bg4 26. Rxh6 Nxc3
27. a3 Ke7 28. Re3 Nd5 29. Rd3 Nf4 30. Re3 Rc8 31. Na1 Bf5 32. g3 Nd5 33. Re1
Nf6 34. Re2 Rc3 35. Re3 Rc5 36. Rb3 b5 37. Rb2 Be4 38. f4 Rd5 39. Rb1 Rd2 40.
Re1 Ng4 41. Rxh7 d5 42. c3 exf4 43. gxf4 Kd6 44. Nb3 Rg2+ 45. Kf1 Nxh2+ 46.
Rxh2 Rxh2 47. Nd4 Ra2 48. Re3 Rxa3 49. Ne2 b4 50. Kf2 b3 51. c4 dxc4 52. Rxe4
b2 53. Nc3 Rxc3 54. Re1 Rc1 55. Re8 b1=Q 56. Kg2 Rc2+ 57. Re2 Rxe2+ 58. Kf3
Qd3+ 59. Kg4 Rg2+ 60. Kh4 60... Qg3# {Hossa checkmated} 0-1

[Event "ICS rated blitz match"]
[Site "204.178.125.65"]
[Date "1999.09.20"]
[Round "?"]
[White "Hossa"]
[Black "Zippy"]
[Result "1/2-1/2"]
[WhiteElo "2396"]
[BlackElo "2345"]
[PlyCount "133"]
[EventDate "1999.??.??"]

1. e4 c6 2. Nf3 d5 3. Nc3 dxe4 4. Nxe4 Nf6 5. Ng3 Qd5 6. d4 Bg4 7. Be2 Nbd7 8.
O-O O-O-O 9. c4 Qd6 10. Ng5 Be6 11. Be3 a6 12. Nf5 Qb4 13. Qc1 Bxf5 14. Nxf7
Rg8 15. Nxd8 Kxd8 16. a3 Qa4 17. Bd1 Qa5 18. b4 Qc7 19. Bf4 e5 20. dxe5 Nxe5
21. Qe3 Bd6 22. c5 Nf3+ 23. Qxf3 Bxf4 24. Bb3 Bxh2+ 25. Kh1 Be4 26. Rad1+ Bd5
27. Bxd5 cxd5 28. g3 Bxg3 29. fxg3 Kc8 30. Qf5+ Kb8 31. Qf4 Qxf4 32. Rxf4 Re8
33. Kg2 Kc7 34. Kf3 Kc6 35. g4 Re6 36. g5 Nd7 37. Rf5 Ne5+ 38. Kg3 Nc4 39.
Rfxd5 Re3+ 40. Kf4 Rxa3 41. R5d4 Rh3 42. Kg4 Rc3 43. Rh1 Ne3+ 44. Kf4 Nd5+ 45.
Kf5 g6+ 46. Ke6 Re3+ 47. Kf7 Re7+ 48. Kf8 Rd7 49. Re4 Kb5 50. Ke8 Rc7 51. Rhh4
a5 52. Kd8 axb4 53. Rxb4+ Kc6 54. Rbe4 Rg7 55. Ke8 Kxc5 56. Re1 b5 57. Kf8 Rd7
58. Rc1+ Kb6 59. Rd1 Kc5 60. Rc1+ Kd6 61. Kg8 h5 62. gxh6 Nf6+ 63. Kf8 Nh7+ 64.
Ke8 Nf6+ 65. Kf8 Nh7+ 66. Ke8 Nf6+ 67. Kf8 {Game drawn by repetition} 1/2-1/2

[Event "ICS rated blitz match"]
[Site "204.178.125.65"]
[Date "1999.09.14"]
[Round "?"]
[White "Hossa"]
[Black "alexey"]
[Result "1-0"]
[WhiteElo "2366"]
[BlackElo "2070"]
[PlyCount "97"]
[EventDate "1999.??.??"]

1. e4 c5 2. c3 Nf6 3. e5 Nd5 4. d4 cxd4 5. cxd4 e6 6. Nf3 b6 7. Bc4 Bb7 8. O-O
d6 9. Bg5 Be7 10. Bxd5 Bxd5 11. Bxe7 Qxe7 12. Nc3 Bb7 13. exd6 Qxd6 14. Ng5 O-O
15. Qd3 g6 16. Qh3 h5 17. Rad1 Nd7 18. Qe3 Nf6 19. f3 Nd5 20. Nxd5 Qxd5 21. b3
Rfd8 22. Rfe1 Rac8 23. Ne4 Qf5 24. Qh6 Bxe4 25. fxe4 Qf6 26. Rf1 Qg7 27. Qe3
Rd7 28. Rd2 Rdc7 29. Rdf2 Rd8 30. e5 Rd5 31. Rf6 Rcd7 32. R1f4 Ra5 33. Qc3 Rad5
34. a4 Qf8 35. Rxg6+ Kh7 36. Rxe6 Rxd4 37. Rxd4 Rxd4 38. Qxd4 fxe6 39. Qd7+ Kh6
40. Qxe6+ Kh7 41. Qd6 Qf4 42. Qe7+ Kg8 43. Qe8+ Kh7 44. Qxh5+ Kg8 45. Qg6+ Kf8
46. Qd6+ Ke8 47. Qb8+ Kf7 48. e6+ Kxe6 49. Qxf4 {alexey resigns} 1-0

[Event "ICS rated blitz match"]
[Site "204.178.125.65"]
[Date "1999.09.22"]
[Round "?"]
[White "Hossa"]
[Black "arm"]
[Result "0-1"]
[WhiteElo "1898"]
[BlackElo "1676"]
[PlyCount "77"]
[EventDate "1999.??.??"]

1. d4 f5 2. Nf3 Nf6 3. g3 e6 4. Bg2 Be7 5. Nbd2 d5 6. O-O O-O 7. c4 c6 8. Ne5
Nbd7 9. cxd5 exd5 10. Nb3 Nxe5 11. dxe5 Ne4 12. f4 Qe8 13. Re1 a5 14. Bd2 a4
15. Nd4 Bc5 16. Bc1 Qd8 17. e3 g5 18. Rf1 g4 19. Re1 h5 20. Qc2 Bb6 21. Nxc6
bxc6 22. Qxc6 Ra7 23. Qg6+ Rg7 24. Qxh5 d4 25. Qh6 dxe3 26. Bxe4 fxe4 27. Bxe3
Bxe3+ 28. Rxe3 Qd4 29. Rae1 Bb7 30. Kh1 Bd5 31. b3 axb3 32. a3 b2 33. Qb6 Qxb6
34. h4 gxh3 35. a4 b1=Q 36. Rxb1 Qxb1+ 37. Kh2 Qf1 38. Re2 Qxe2+ 39. Kxh3 {
Hossa resigns} 0-1

[Event "ICS rated blitz match"]
[Site "204.178.125.65"]
[Date "1999.08.30"]
[Round "?"]
[White "Hossa"]
[Black "attackowski"]
[Result "1-0"]
[WhiteElo "2485"]
[BlackElo "2025"]
[PlyCount "31"]
[EventDate "1999.??.??"]

1. d4 d5 2. c4 e6 3. cxd5 exd5 4. Nc3 Nf6 5. Bg5 Be7 6. e3 O-O 7. Bd3 Nbd7 8.
Nge2 b6 9. Bf5 Bb7 10. O-O c5 11. Rc1 Rc8 12. a3 Ne4 13. Nxe4 dxe4 14. Bxe7
Qxe7 15. Qa4 Rfe8 16. Bxd7 {attackowski resigns} 1-0

[Event "ICS rated blitz match"]
[Site "204.178.125.65"]
[Date "1999.08.30"]
[Round "?"]
[White "Hossa"]
[Black "attackowski"]
[Result "1-0"]
[WhiteElo "2477"]
[BlackElo "2033"]
[PlyCount "53"]
[EventDate "1999.??.??"]

1. d4 d5 2. c4 e6 3. cxd5 exd5 4. Nc3 Nf6 5. Bg5 Be7 6. e3 c6 7. Bd3 O-O 8.
Nge2 Nbd7 9. O-O h6 10. Bf4 Re8 11. Rc1 Nf8 12. Qc2 Ne6 13. Bf5 Nxf4 14. Nxf4
Bxf5 15. Qxf5 Qd7 16. Qxd7 Nxd7 17. Ncxd5 cxd5 18. Nxd5 Nf6 19. Nc7 Ne4 20.
Nxa8 Rxa8 21. Rc7 Bd6 22. Rxb7 Rb8 23. Rxb8+ Bxb8 24. Rc1 Nd6 25. e4 Kh7 26. e5
Nf5 27. Rc8 {attackowski resigns} 1-0

[Event "ICS rated blitz match"]
[Site "204.178.125.65"]
[Date "1999.09.27"]
[Round "?"]
[White "Hossa"]
[Black "attakinski"]
[Result "0-1"]
[WhiteElo "2463"]
[BlackElo "2651"]
[PlyCount "73"]
[EventDate "1999.??.??"]

1. e4 c5 2. Nf3 d6 3. d4 cxd4 4. Nxd4 Nf6 5. Nc3 Nc6 6. Bg5 e6 7. Bb5 Bd7 8.
Ba4 Be7 9. Ndb5 O-O 10. Nxd6 Qa5 11. Bf4 e5 12. Bg3 Bg4 13. Nc4 Qc5 14. Qd3 b5
15. Bxb5 Nb4 16. Qd2 Rfd8 17. Qc1 a6 18. Nxe5 axb5 19. O-O Be6 20. a3 Nc6 21.
Nxc6 Qxc6 22. Bh4 Qc5 23. Re1 Ng4 24. Bxe7 Qxf2+ 25. Kh1 Rd2 26. Re2 Rxe2 27.
Nxe2 Qxe2 28. Bc5 Rc8 29. b4 Rxc5 30. bxc5 Ne3 31. Qxe3 Qxe3 32. Rd1 Kf8 33.
Rd8+ Ke7 34. Rd1 Qxe4 35. Rc1 Bh3 36. Rg1 h5 37. c6 {Hossa resigns} 0-1

[Event "ICS rated blitz match"]
[Site "204.178.125.65"]
[Date "1999.09.17"]
[Round "?"]
[White "Hossa"]
[Black "avishai"]
[Result "1-0"]
[WhiteElo "2437"]
[BlackElo "2024"]
[Annotator "Fritz 5.32 (20s)"]
[PlyCount "49"]
[EventDate "1999.??.??"]

1. e4 1... e5 {Opening = C55 - 3.Bc4 Nf6(4.d4 ed4 5.0-0 ---)} 2. Nf3 Nc6 3. Bc4
Nf6 4. Nc3 d6 5. Ng5 d5 (5... Be6 6. Bxe6 fxe6 7. Nxe6 Qd7 8. Nd5 Nxd5 9. exd5
Ne7 10. c4 g6 11. d4 exd4 12. Qxd4 Rg8 13. Qe4 Qc8 14. O-O Kd7 15. Bg5 Nf5 16.
Nxf8+ Rxf8 17. Qe6# {1-0 Lakos,N-Szabo,J/Paks 1994/EXT 98 (17)}) 6. exd5 Na5 7.
Bb5+ $146 (7. d3 Nxc4 8. dxc4 h6 9. Nf3 Bg4 10. O-O e4 11. Qe1 Qe7 12. Qe3 exf3
13. Qd2 O-O-O 14. Re1 Qd7 15. Re3 Bd6 16. Qd4 b6 17. Nb5 a6 18. Nxd6+ Qxd6 19.
Ra3 Kb7 20. Rb1 Rhe8 21. Bf4 21... Qe7 {
Sandholzer,M-Leitgeber,M/Goetzis 1995/EXT 97/0-1 (59)}) 7... c6 8. dxc6 bxc6 9.
Be2 h6 10. Nge4 Bf5 11. Nxf6+ Qxf6 12. O-O Bc5 13. a3 Bb6 14. Ba6 14... Be6 $18
(14... Rb8 $5 $16) 15. b4 Nc4 16. Bb7 Rd8 17. Bxc6+ Kf8 18. Rb1 g5 (18... Bd4
19. Nb5 $18) 19. Ne4 Qg6 20. Ng3 f5 21. Bf3 $16 (21. d3 $5 21... Nd6 $18) 21...
Kg7 $18 (21... g4 $5 22. Bc6 22... h5 $16) 22. d3 Nd6 23. Bb2 Nf7 (23... Bd4
24. c3 Bb6 25. Re1 $18) 24. Qe2 (24. Re1 24... Bd4 $18) 24... Qf6 $4 {
ein Fehler, doch es war nicht viel zu retten} (24... Bd4 $18) 25. Nh5+ (25.
Nh5+ Kg6 26. Nxf6 Kxf6 27. Rbe1 $18) 1-0

[Event "ICS rated blitz match"]
[Site "204.178.125.65"]
[Date "1999.10.12"]
[Round "?"]
[White "Hossa"]
[Black "aviv2000"]
[Result "1-0"]
[WhiteElo "2344"]
[BlackElo "2184"]
[PlyCount "49"]
[EventDate "1999.??.??"]

1. d4 Nf6 2. c4 e6 3. Nc3 Bb4 4. e3 O-O 5. Nge2 c5 6. a3 Bxc3+ 7. Nxc3 cxd4 8.
exd4 h6 9. Be2 d5 10. O-O Nc6 11. Be3 a6 12. Rc1 Re8 13. Re1 dxc4 14. Bxc4 b5
15. Bd3 Nd5 16. Nxb5 Bb7 17. Nc3 Nxc3 18. bxc3 Qd6 19. Rb1 Rab8 20. Qa4 e5 21.
Bxa6 exd4 22. Bxb7 dxe3 23. Qxc6 exf2+ 24. Kxf2 Qf4+ 25. Kg1 {aviv2000 resigns}
1-0

[Event "ICS rated blitz match"]
[Site "204.178.125.65"]
[Date "1999.09.22"]
[Round "?"]
[White "Hossa"]
[Black "bibo"]
[Result "1-0"]
[WhiteElo "2243"]
[BlackElo "2173"]
[PlyCount "105"]
[EventDate "1999.??.??"]

1. d4 d6 2. c4 g6 3. e4 Bg7 4. Nf3 Bg4 5. Be2 Nc6 6. d5 Bxf3 7. Bxf3 Nd4 8. O-O
c5 9. Qa4+ Qd7 10. Qxd7+ Kxd7 11. Bd1 b5 12. cxb5 Nxb5 13. Ba4 a6 14. Nd2 Nf6
15. Nc4 Rhb8 16. Re1 Ng4 17. Bc2 Ke8 18. Bg5 h6 19. Bh4 Nd4 20. Ba4+ Kf8 21.
Rac1 g5 22. Bg3 f5 23. exf5 Nxf5 24. Bd7 Nxg3 25. Bxg4 Bxb2 26. Rc2 Bd4 27.
hxg3 Rb4 28. Re6 Rb1+ 29. Kh2 Rf1 30. Rxh6 Kg7 31. Rh5 Kg6 32. f4 gxf4 33. Be2
fxg3+ 34. Kxg3 Rf6 35. Kg4 Raf8 36. Bd3+ Kg7 37. Rh7+ Kg8 38. Rxe7 Rf4+ 39. Kg5
Bg7 40. Nxd6 Bh6+ 41. Kxh6 R8f6+ 42. Kg5 Kf8 43. Re8+ Kg7 44. Nf5+ R4xf5+ 45.
Bxf5 Rf7 46. d6 c4 47. Rxc4 a5 48. Rc5 a4 49. Rc7 a3 50. Rxf7+ Kxf7 51. d7 Kg7
52. Re7+ Kf8 53. d8=Q# {bibo checkmated} 1-0

[Event "ICS rated blitz match"]
[Site "204.178.125.65"]
[Date "1999.09.18"]
[Round "?"]
[White "Hossa"]
[Black "blik"]
[Result "1/2-1/2"]
[WhiteElo "2525"]
[BlackElo "2529"]
[Annotator "Fritz 5.32 (20s)"]
[PlyCount "121"]
[EventDate "1999.??.??"]

1. e4 1... e5 {Opening = C54 - 4.c3 Nf6} 2. Nf3 Nc6 3. Bc4 Bc5 4. c3 Nf6 5. d3
d6 6. O-O Bb6 7. Bg5 h6 8. Be3 (8. Bh4 Qe7 (8... g5 9. Bg3 Bg4 10. Nbd2 Qd7 11.
b4 Ne7 12. a4 a6 13. a5 Ba7 14. Qa4 Qxa4 15. Rxa4 Bd7 16. Raa1 Ng6 17. Rab1 c6
18. Bb3 Rd8 19. Rfe1 Nh5 20. Rbd1 f6 21. Nc4 Bg4 22. d4 Ke7 23. Ne3 Bc8 24. Rd2
Bb8 25. Red1 Ng7 26. Ne1 Rhe8 27. f3 Bc7 28. Bf2 Nf4 29. N1c2 h5 30. Na3 g4 31.
fxg4 Bxg4 32. Nxg4 hxg4 33. dxe5 fxe5 34. Bh4+ Kf8 35. Rf1 Ngh5 36. Bxd8 Bxd8
37. g3 Ke7 38. gxf4 Nxf4 39. Nc4 Bc7 40. Ne3 Rh8 41. Nxg4 {
1-0 Bujisho,B-Steimer,M/Cannes 1997/CBM 57 ext (41)}) 9. Nbd2 g5 10. Bg3 Bg4
11. h3 Bd7 12. Bb3 Nh5 13. Nc4 Nf4 14. d4 O-O-O 15. a4 a6 16. d5 Nb8 17. Nxb6+
cxb6 18. Nd2 Rdg8 19. Nc4 Kc7 20. f3 h5 21. Qd2 b5 22. Ne3 22... g4 {
Barua,D-Kortschnoj,V/London 1982/MCD/1-0 (54)}) 8... Bxe3 $146 (8... Na5 9.
Bb5+ c6 10. Ba4 Bxe3 11. fxe3 b5 12. Bc2 c5 13. Nbd2 O-O 14. Qe2 Qc7 15. Nh4
Bg4 16. Qe1 Qe7 17. Qg3 Be6 18. Nf5 Bxf5 19. Rxf5 b4 20. c4 b3 21. axb3 Nc6 22.
Raf1 Nh7 23. Nf3 {Nedela,V-Votava,J/CSR-chJ 1990/EXT 97/1-0 (48)}) 9. fxe3 {
Deckt d4} 9... O-O 10. Nbd2 Ng4 11. Qe2 Na5 12. d4 Nxc4 13. Nxc4 Qe8 14. h3 Nf6
15. Nfd2 b5 16. Na3 a6 17. c4 c6 18. Qd3 Be6 19. Rae1 Qb8 20. Rc1 {
Ermoeglicht auch c5} 20... Qb7 21. c5 {Weiss erobert Raum} 21... dxc5 22. Rxc5
({Schlechter ist} 22. dxe5 22... Nd7 $17) 22... exd4 23. exd4 Bxa2 (23... Rfd8
24. Ra1 $15) 24. Rc2 $15 (24. b3 $5 $142 {sieht spielbar aus} 24... Rfd8 25.
Rc2 $11) 24... Be6 25. Qg3 Kh8 26. Qe5 a5 27. Rxf6 gxf6 28. Qxf6+ Kh7 29. Rc5 {
Droht Matt: Rh5} 29... Rg8 30. Kf1 Rg6 31. Qf3 Kg7 32. Qe3 f6 33. Qf3 Rg5 34.
Rxg5+ hxg5 35. Nc2 Qc7 36. Kg1 Qe7 37. Qc3 Qd7 38. Nf3 g4 39. hxg4 Bxg4 40. Nh2
Be6 41. Qg3+ Kf8 42. Qh4 Qg7 43. Nf3 Re8 44. Ne3 Kg8 (44... Bc8 45. Qf4 $19)
45. Qh5 Bf7 46. Qc5 Rxe4 47. Nf5 Qh7 48. Ne7+ 48... Rxe7 $17 (48... Kh8 49.
Nxc6 Rg4 50. Ne1 $19) 49. Qxe7 Qb1+ 50. Kh2 Qxb2 51. Qxf6 51... Bd5 $11 (51...
Qa2 $17 $142) 52. Qg6+ Kf8 53. Ne5 {
Der rueckstaendige Bauer c6 wird angegriffen} 53... Qd2 {Uebt Druck auf g2 aus}
54. Qd6+ 54... Kg7 {Droht Matt} 55. Qg6+ Kh8 56. Qf6+ 56... Kg8 {Es droht Matt}
57. Qg6+ Kf8 58. Qd6+ 58... Kg7 {Mit der Mattdrohung Qxg2} 59. Qg6+ Kh8 60.
Qf6+ 60... Kg8 {Droht Matt: Qxg2} 61. Qg6+ 1/2-1/2